000 00784nam a2200241 a 4500
005 20240423063623.0
008 991125s1990 mx 000 0 spa u
020 _a968243405X
035 _aUPN01000008141
049 _aCG
050 4 _aRA1242 T6
_bH6.38
100 1 _aHouser, Norman W.
245 1 3 _aEl cigarro y la salud /
_cNorman W. Houser ; colab. Julius B. Richmond, Orvis A. Harrelson ; tr. Rodolfo Piña García.
260 _aMéxico :
_bTrillas,
_c1990.
300 _a97 p. :
_bil.
440 0 _aSuperación personal
534 _pTraducción de:
_tAbout you and smoking
650 2 _aTabaquismo
_9518
650 4 _aTABACO -
_xEFECTOS FISIOLOGICOS
_96917
700 1 _aRichmond, Julius B.,
_d1927- ,
_ecolab.
700 1 _aHarrelson, Orvis A.,
_ecolab.
905 _aLibro
999 _c8141
_d8141